000 00301nam a22001337a 4500
008 181218b xxu||||| |||| 00| 0 eng d
020 _a0029078709
041 _aeng
080 _a941
100 _a16
101 _aHIS
245 _aDictionary of Medieval Civilization
_cDahmus, J
942 _2udc
_cBK
999 _c53417
_d53417